Statistiques concernant Devinez le Pays Mystère #51

Cliquez ici pour prendre le quiz!

Statistiques générales

  • Ce quiz a été pris 409 fois
  • Le résultat moyen est 7 sur 13

Statistiques - réponses

Type de RéponseRéponse% Correct
Lettre TrouvéeE
99%
Lettre Bien PlacéeE
99%
Lettre TrouvéeT
75%
Lettre TrouvéeÉ
51%
Lettre TrouvéeP
51%
Lettre TrouvéeG
48%
Lettre Bien PlacéeP
45%
Lettre Bien PlacéeY
45%
Lettre TrouvéeY
45%
Lettre Bien PlacéeÉ
42%
Pays MystèreÉgypte
42%
Lettre Bien PlacéeG
42%
Lettre Bien PlacéeT
42%

Distribution des résultats

Percentile par nombre de réponses

% des personnes avec chaque résultat

Votre développement - résultats

Vous n’avez pas pris ce quiz